|
|
|
|
| LEADER |
01265ppm a22003138a 4500 |
| 001 |
00036462 |
| 005 |
20171026081025.0 |
| 008 |
170303s2011 ||||||Viesd |
| 041 |
0 |
# |
|a Vie
|
| 082 |
1 |
4 |
|a 546
|b X101Đ
|
| 100 |
1 |
# |
|a Nguyễn, Thị Thúy Hòa
|
| 245 |
0 |
0 |
|a Xác định hàm lượng các nguyên tố vi lượng kẽm, đồng, molipđen, bo trong đất trồng quýt hồng ở huyện Lai Vung, tỉnh Đồng Tháp
|b Luận văn thạc Hóa học. Chuyên ngành: Hóa vô cơ. Mã số: 60 44 25
|c Nguyễn Thị Thúy Hòa; Nguyễn Hoa Du (hướng dẫn)
|
| 260 |
# |
# |
|a Vinh
|b Đại học Vinh
|c 2011
|
| 300 |
# |
# |
|a 75tr.
|c 30cm.
|
| 500 |
# |
# |
|a ĐTTTS ghi: Bộ giáo dục và đào tạo. Đại học Vinh
|
| 653 |
# |
# |
|a Hóa vô cơ
|
| 653 |
# |
# |
|a Hóa vô cơ
|
| 653 |
# |
# |
|a Đồng Tháp
|
| 653 |
# |
# |
|a Xác định
|
| 653 |
# |
# |
|a Nguyên tố vi lượng
|
| 653 |
# |
# |
|a Luận văn
|
| 700 |
1 |
# |
|e Hướng dẫn
|a Nguyễn Hoa Du
|
| 852 |
# |
# |
|j LV.0000896
|
| 852 |
# |
# |
|b Kho đọc SĐH
|j LV.0000896
|
| 910 |
|
|
|d 03/03/2017
|
| 980 |
# |
# |
|a Trung tâm Học liệu Lê Vũ Hùng, Trường Đại học Đồng Tháp
|